El rol de la ciencia en el desarrollo

Αποθηκεύτηκε σε:
Λεπτομέρειες βιβλιογραφικής εγγραφής
Κύριοι συγγραφείς: Millas Jiménez, Jorge (autor), Alonso, Marcelo (Συγγραφέας), Ímaz, José Luis de (Συγγραφέας), Lavados Montes, Jaime (Συγγραφέας), Malek, Gustavo (Συγγραφέας), Gutiérrez, Claudio (Συγγραφέας), Luco, Joaquín (Συγγραφέας), Tola, José (Συγγραφέας), Zeledón, Rodrigo (Συγγραφέας), Croxatto, Héctor R (Συγγραφέας), Saavedra, Igor (Συγγραφέας), Amengual S., Ataliva (Συγγραφέας)
Άλλοι συγγραφείς: Neghme Rodríguez, Amador (autor)
Μορφή: Βιβλίο
Γλώσσα:Ισπανικά
Έκδοση: Santiago CPU 1978
Θέματα:
Ετικέτες: Προσθήκη ετικέτας
Δεν υπάρχουν, Καταχωρήστε ετικέτα πρώτοι!

MARC

LEADER 00000nam a2200000 a 4500
001 UCY7620
003 CL-VaPUC
005 20220727103031.0
008 950616e19780000cl 1 spa d
082 0 4 |a 303.483  |b MIL  |2 21 
100 |a Millas Jiménez, Jorge  |e autor  |9 600017 
700 1 |a Alonso, Marcelo  |e author  |9 617243 
700 |a Ímaz, José Luis de  |e author  |9 617244 
700 |a Neghme Rodríguez, Amador  |e autor  |9 617245 
700 |a Lavados Montes, Jaime  |e author  |9 617246 
700 1 |a Malek, Gustavo  |e author  |9 617247 
700 1 |a Gutiérrez, Claudio  |e author  |9 617248 
700 1 |a Luco, Joaquín  |e author  |9 617249 
700 1 |a Tola, José  |e author  |9 617250 
700 1 |a Zeledón, Rodrigo  |e author  |9 617251 
700 1 |a Croxatto, Héctor R  |e author  |9 617252 
700 1 |a Saavedra, Igor  |e author  |9 617253 
700 1 |a Amengual S., Ataliva  |e author  |9 617254 
700 |a Lavados Montes, Jaime  |e author  |9 617246 
245 1 3 |a El rol de la ciencia en el desarrollo 
260 |a Santiago  |b CPU  |c 1978 
300 |a 279 p 
583 |a last modification  |c 20120902 07:40:50  |k Rodrigo Vera 
650 0 0 |a Desarrollo económico y social   |9 256320 
650 0 0 |a Ciencia y tecnología  |9 260585 
650 0 0 |a Científicos   |9 262025 
650 0 0 |a Universidades  |9 256317 
650 0 0 |a Sociedad  |9 307903 
650 0 0 |a Cultura  |9 269059 
650 0 0 |a Países en desarrollo  |9 259663 
651 0 |a América Latina   |9 255027 
942 |c BK 
945 |a cmena  |d 19950616 00:00:00 
546 |a En Español 
518 |p Seminario Latinoamericano, Viña del Mar, 7-11 septiembre, 1977 
999 |c 382393  |d 382391 
952 |0 0  |1 0  |4 0  |6 303_483000000000000_MIL_1978  |7 0  |8 P  |9 504062  |a BIBEDU  |b BIBEDU  |c BIBEDU_PB  |d 2020-01-23  |i 1519476  |o 303.483 MIL 1978  |p 1519476  |r 2024-01-25  |w 2020-01-23  |y BK  |k EDU 
952 |0 0  |1 0  |4 0  |6 303_483000000000000_MIL_1978  |7 0  |8 A  |9 504063  |a BIBENE  |b BIBENE  |d 2020-01-23  |i 1998374  |o 303.483 MIL 1978  |p 1998374  |r 2025-01-15  |w 2020-01-23  |y BK  |k ICO